000 00736nam a2200181Ia 4500
008 100921s9999 xx 000 0 und d
082 _b9798
_a550 थ 65
100 _aफ्रेड्रिक एच.पौ.अनु.कर्वे चिं.ग.
245 _aज्वालामुखी भूकंप.
260 _bवोरा अँड कंपनी,मुंबई.
_c1965
300 _a144
_b---
365 _b3
520 _aविज्ञान-भौमिक शास्त्रे.
630 _aज्वालामुखी भूकंप.
650 _aविज्ञान-भौमिक शास्त्रे.
730 _aज्वालामुखी भूकंप.
942 _cBOOK
999 _c758911
_d758908